Представление документа в формате MARC21

Поле Инд. ПП Название Значение
Тип записи a
Библиографический уровень m
001 Контрольный номер 5df12768c5304a6fa10a12dcdfd7b2fe
005 Дата корректировки 20250331124952.3
008 Кодируемые данные 151119|||||||||ru |||||||||||||||||rus||
041 0_ a Код языка текста rus
084 a Индекс другой классификации/Индекс ББК 94+39.42-082.022
090 a Полочн. индекс 94
x Авторский знак Х 71
100 1_ a Автор Холичев С. Н.
245 10 a Заглавие Разработка эффективного управления процессом швартовки судна с использованием методов математического моделирования
b Продолж. заглавия дис. ... канд. техн. наук : 05.22.19
c Ответственность науч. рук. Ю. И. Юдин ; ФГБОУ ВПО "Мурман. гос. техн. ун-т"
260 a Место издания Мурманск
c Дата издания 2015
300 a Объем 189 с.
b Иллюстрации/ тип воспроизводства граф., табл.
504 a Библиография Библиогр.: с. 186-189
650 04 a Основная рубрика Управление судами-Швартовка-Диссертации
653 0_ a Ключевые слова Диссертации; Математические модели (суда); Суда морские; Управление судном; Швартовка судна; Швартовные операции
a Ключевые слова Управление процессом швартовки
901 t Тип документа d